Espacio - memoria : propuesta de espacio para la difusión y la puesta en valor de la identidad de Ciudad Quesada

Zapisane w:
Opis bibliograficzny
1. autor: Vargas Chavarría, Aarón
Kolejni autorzy: Barahona Sotela, Rolando, 1944- Director del TFG
Format: Nieznany
Język:Spanish
Wydane: [San José, Costa Rica] 2016
Hasła przedmiotowe:
Etykiety: Dodaj etykietę
Nie ma etykietki, Dołącz pierwszą etykiete!

MARC

LEADER 00000 a2200000 4500
003 EA0143
005 20230224112925.0
008 140114s2016 cr a 000 ||spa d
040 |c cru CEDI 
090 |a TFG EA-143 
100 |a Vargas Chavarría, Aarón  |9 20257 
245 |a Espacio - memoria : propuesta de espacio para la difusión y la puesta en valor de la identidad de Ciudad Quesada 
260 |a  [San José, Costa Rica]  |c 2016 
500 |a Proyecto de graduación (licenciatura en arquitectura)--Universidad de Costa Rica. Facultad de Ingeniería. Escuela de Arquitectura 
501 |a Director de Proyecto de Graduación: M.Sc. Rolando Barahona Sotela 
650 |x CIUDAD QUESADA (SAN CARLOS, ALAJUELA, COSTA RICA)  |x DISEÑO URBANO - CIUDAD QUESADA (SAN CARLOS, ALAJUELA, COSTA RICA)  |x DISEÑO ARQUITECTONICO - CIUDAD QUESADA (SAN CARLOS, ALAJUELA, COSTA RICA)  |9 20258 
700 |9 79  |a Barahona Sotela, Rolando, 1944-  |d Director del TFG 
942 |c CEDI 
999 |c 12679  |d 12679